Surface water supply of the United States 1961-65. Part 7, Lower Mississippi River basin. Volume 2, Arkansas River basin /

Bibliographic Details
Corporate Author: Geological Survey (U.S.) (Author)
Format: Government Document eBook
Language:English
Published: [Washington, D.C.] : [United States Department of the Interior, Geological Survey], 1969.
Series:Geological Survey water-supply paper ; no. 1921.
Subjects:
Online Access:https://purl.fdlp.gov/GPO/gpo114299

MARC

Tag First Indicator Second Indicator Subfields
LEADER 00000cam a2200000 i 4500
001 in00004050430
005 20190718162105.0
006 m o d f
007 cr n||||||||||
008 161026s1969 dcuab o f001 0 eng c
019 |a 966435193 
035 |a (OCoLC)ocn961222511 
040 |a COP  |b eng  |e rda  |e pn  |c COP  |d OCLCF  |d OCLCO  |d AERDC  |d GPO  |d MvI  |d UtOrBLW 
042 |a pcc 
043 |a n-usm-- 
049 |a WWW 
074 |a 0625 (online) 
086 0 |a I 19.13:1921 
110 2 |a Geological Survey (U.S.),  |e author.  |0 http://id.loc.gov/authorities/names/n80092173 
245 1 0 |a Surface water supply of the United States 1961-65.  |n Part 7,  |p Lower Mississippi River basin.  |n Volume 2,  |p Arkansas River basin /  |c prepared by the U.S. Geological Survey. 
246 3 0 |a Arkansas River basin. 
264 1 |a [Washington, D.C.] :  |b [United States Department of the Interior, Geological Survey],  |c 1969. 
264 2 |a [Washington, D.C.] :  |b [United States Government Printing Office] 
300 |a 1 online resource (ix, 878 pages) :  |b illustrations, map. 
336 |a text  |b txt  |2 rdacontent 
337 |a computer  |b c  |2 rdamedia 
338 |a online resource  |b cr  |2 rdacarrier 
490 1 |a Geological Survey water-supply paper ;  |v 1921 
500 |a "Prepared in cooperation with the states of Arkansas, Colorado, Kansas, Missouri, New Mexico, Oklahoma, and Texas, and with other agencies." 
500 |a "* U.S. Government Printing Office : 1969 O - 355-492"--Page 878. 
500 |a Includes tables. 
504 |a Includes index. 
588 |a Description based on online resource; title from PDF cover (USGS website, viewed May 29, 2015). 
650 0 |a Stream measurements  |z Arkansas River  |v Statistics. 
650 0 |a Water-supply  |z Arkansas River. 
650 0 |a Water-supply  |z Mississippi River Watershed  |v Statistics. 
776 0 8 |i Print version:  |a Geological Survey (U.S.)  |t Surface water supply of the United States 1961-65  |w (OCoLC)19658675 
830 0 |a Geological Survey water-supply paper ;  |v no. 1921.  |0 http://id.loc.gov/authorities/names/n86747816 
856 4 0 |u https://purl.fdlp.gov/GPO/gpo114299  |t 0 
999 f f |s 6a6b8fdf-27d0-3311-9176-fec9178cefa7  |i 2b0841a9-50aa-3a7a-a3c6-9799c5836496  |t 0 
952 f f |a Texas A&M University  |b College Station  |c Electronic Resources  |d Available Online  |t 0  |e I 19.13:1921  |h Superintendent of Documents classification 
998 f f |a I 19.13:1921  |t 0  |l Available Online